Ensayos críticos acerca de literatura europea
Gorde:
| Egile nagusia: | |
|---|---|
| Formatua: | Liburua |
| Hizkuntza: | gaztelania |
| Argitaratua: |
Barcelona
Seix Barral
1959
|
| Saila: | Biblioteca Breve
|
| Gaiak: | |
| Etiketak: |
Etiketa erantsi
Etiketarik gabe, Izan zaitez lehena erregistro honi etiketa jartzen!
|
MARC
| LEADER | 00000nam a2200000 a 4500 | ||
|---|---|---|---|
| 001 | UCR9746 | ||
| 003 | CL-VaPUC | ||
| 008 | 980613e19590000SP |||||||||||||||||spa|d | ||
| 082 | 0 | 4 | |a 809.0914 |b CUR |2 21 |
| 100 | 0 | |a Curtius, Ernst Robert |e author |9 412607 | |
| 245 | 1 | 0 | |a Ensayos críticos acerca de literatura europea |
| 300 | |a 2 v | ||
| 942 | |c BK | ||
| 945 | |d 19980613 00:00:00 |a crobeson | ||
| 260 | |a Barcelona |b Seix Barral |c 1959 | ||
| 650 | 7 | |a LITERATURA EUROPEA HISTORIA |2 CL-VaPUC |9 412608 | |
| 650 | 0 | |a Crítica literaria |9 269189 | |
| 583 | |a last modification |c 19980613 00:00:00 |k Rodrigo Vera | ||
| 490 | 0 | |a Biblioteca Breve | |
| 999 | |c 270922 |d 270920 | ||
| 952 | |0 0 |1 0 |4 0 |6 809_091400000000000_CUR_1959 |7 0 |8 A |9 305384 |a BIBEDU |b BIBEDU |d 2019-11-20 |h v.2 |i 1418556 |o 809.0914 CUR 1959 |p 1418556 |r 2019-11-20 |w 2019-11-20 |y BK |k LIT | ||